书目信息 |
| 题名: |
菊花
|
|
| 作者: | 吴应祥 编著 | |
| 分册: | ||
| 出版信息: | 北京 金盾出版社 1991 |
|
| 页数: | 89,9页 | |
| 开本: | 19cm | |
| 丛书名: | ||
| 单 册: | ||
| 中图分类: | S682.1 | |
| 科图分类: | ||
| 主题词: | 菊花--栽培 , 菊花 , 栽培 | |
| 电子资源: | ||
| ISBN: | 7-80022-398-1 | |
| 000 | 00831nam0 2200253 450 | |
| 001 | 060000005671 | |
| 005 | 20051128102353.37 | |
| 010 | @a7-80022-398-1@dCNY4.50 | |
| 092 | @aCN | |
| 100 | @a20040816d1991 ekmy0chiy0120 ea | |
| 101 | 0 | @achi |
| 102 | @aCN@b110000 | |
| 105 | @aafk z 000yy | |
| 200 | 1 | @a菊花@9ju hua@f吴应祥编著@Fwu ying xiang bian zhu |
| 210 | @a北京@c金盾出版社@d1991 | |
| 215 | @a89,9页@c图,图版@d19cm | |
| 330 | @a本书介绍了菊花栽培的简史,菊花的特性、分类、盆栽菊、地栽菊、造型菊的栽培管理,菊花无土栽培技术,菊花的常规繁殖和组织培养繁殖技术,菊花的切花栽培和周年开花栽培技术,菊花病虫害防治及菊花文化。 | |
| 606 | 0 | @a菊花@x栽培 |
| 606 | 0 | @a菊花 |
| 606 | 0 | @a栽培 |
| 690 | @aS682.1@v4 | |
| 701 | 0 | @a吴应祥@Awu ying xiang@4编著 |
| 801 | 0 | @aCN@bCXYBOOK@c20051128 |
| 905 | @a10447@dS682.1@e110 | |
| 菊花/吴应祥编著.-北京:金盾出版社,1991 |
| 89,9页:图,图版;19cm |
| ISBN 7-80022-398-1:CNY4.50 |
| 本书介绍了菊花栽培的简史,菊花的特性、分类、盆栽菊、地栽菊、造型菊的栽培管理,菊花无土栽培技术,菊花的常规繁殖和组织培养繁殖技术,菊花的切花栽培和周年开花栽培技术,菊花病虫害防治及菊花文化。 |
| ● |
| 相关链接 |
|
|
|
|
正题名:菊花
索取号:S682.1/110
 
预约/预借
| 序号 | 登录号 | 条形码 | 馆藏地/架位号 | 状态 | 备注 |
| 1 | 0369234 | 203692343 | 第二样本阅览室/ [索取号:S682.1/110] | 在馆 | |
| 2 | 0369235 | 203692352 | 第三借阅区/ [索取号:S682.1/110] | 在馆 | |
| 3 | 0369236 | 203692361 | 第三借阅区/ [索取号:S682.1/110] | 在馆 | |
| 4 | 0369237 | 203692370 | 第三借阅区/ [索取号:S682.1/110] | 在馆 | |
| 5 | 0369238 | 203692389 | 第三借阅区/ [索取号:S682.1/110] | 在馆 |